[Event "World Rapid 2025"]
[Site "Doha QAT"]
[Date "2025.12.28"]
[Round "12.70"]
[White "Pantsulaia, Levan"]
[Black "Sankalp, Gupta"]
[Result "1-0"]
[WhiteTitle "GM"]
[BlackTitle "GM"]
[WhiteElo "2472"]
[BlackElo "2557"]
[WhiteFideId "13602071"]
[BlackFideId "5097010"]
[EventDate "2025.12.26"]

1. Nf3 d5 2. c4 e6 3. g3 Nf6 4. Bg2 d4 5. d3 Bb4+ 6. Bd2 a5 7. Bxb4 axb4 8. O-O
O-O 9. Nbd2 Nc6 10. Nb3 e5 11. Ne1 Qe7 12. Nc2 Bg4 13. Qd2 Ra4 14. h3 Be6 15. a3
bxa3 16. Rxa3 Rxa3 17. bxa3 Ra8 18. Kh2 h6 19. f4 Qd6 20. fxe5 Qxe5 21. Bxc6
bxc6 22. Nbxd4 Bd7 23. Qf4 Qh5 24. h4 c5 25. Nf3 Re8 26. e4 Rb8 27. Ne3 Rb3 28.
Ne5 Be6 29. Nf5 Qe2+ 30. Qf2 Qxf2+ 31. Rxf2 Rxa3 32. Nxh6+ gxh6 33. Rxf6 Kg7 34.
Rf4 f6 35. Ng4 Bxg4 36. Rxg4+ Kf7 37. Rf4 Kg6 38. Rf5 Rxd3 39. h5+ Kf7 40. e5
Rc3 41. Rxf6+ Kg7 42. Rc6 Rxc4 43. Rxc7+ Kg8 44. Kh3 Kf8 45. Rh7 Re4 46. Rxh6
Rxe5 47. g4 Re1 48. Rc6 Rc1 49. g5 c4 50. Kg4 Ke7 51. h6 Kd7 52. h7 Rh1 53. Rh6 1-0

[Event "World Rapid 2025"]
[Site "Doha QAT"]
[Date "2025.12.28"]
[Round "12.71"]
[White "Gaehwiler, Gabriel"]
[Black "Adhiban, Baskaran"]
[Result "0-1"]
[WhiteTitle "IM"]
[BlackTitle "GM"]
[WhiteElo "2382"]
[BlackElo "2557"]
[WhiteFideId "1314530"]
[BlackFideId "5018471"]
[EventDate "2025.12.26"]

1. d4 d5 2. c4 e6 3. Nf3 Bb4+ 4. Bd2 Be7 5. g3 Nf6 6. Bg2 Nbd7 7. Qc2 c6 8. O-O
Ne4 9. Nc3 f5 10. cxd5 exd5 11. Bf4 g5 12. Be5 O-O 13. Ne1 Nxe5 14. dxe5 Be6 15.
Nd3 Qb6 16. Rac1 Nxc3 17. bxc3 Qc7 18. f4 g4 19. Qd2 Kg7 20. Ne1 Qb6+ 21. e3
Rfd8 22. Nc2 c5 23. Rfd1 Rd7 24. c4 dxc4 25. Qxd7 Bxd7 26. Rxd7 Qb2 27. Rcd1 Kf8
28. Ne1 c3 29. Rxb7 Qe2 30. Rbb1 Rd8 0-1

[Event "World Rapid 2025"]
[Site "Doha QAT"]
[Date "2025.12.28"]
[Round "12.72"]
[White "Wafa, Hamed"]
[Black "Alexakis, Dimitris"]
[Result "0-1"]
[WhiteTitle "IM"]
[BlackTitle "GM"]
[WhiteElo "2373"]
[BlackElo "2544"]
[WhiteFideId "10628452"]
[BlackFideId "4277023"]
[EventDate "2025.12.26"]

1. e4 c5 2. Nf3 Nc6 3. Nc3 e6 4. d4 cxd4 5. Nxd4 Qc7 6. Be3 a6 7. g4 h6 8. h4 b5
9. Nxc6 Qxc6 10. Qd2 Nf6 11. f3 b4 12. Ne2 d5 13. O-O-O Bb7 14. e5 Nd7 15. Nd4
Qa4 16. Kb1 Nxe5 17. b3 Qd7 18. Bh3 O-O-O 19. f4 Nc6 20. g5 Kb8 21. f5 e5 22. f6
Qc7 23. fxg7 Bxg7 24. gxh6 Bxh6 25. Bxh6 Nxd4 26. Bg5 Rd6 27. Rhf1 Nb5 28. Rde1
Nc3+ 29. Ka1 Ne4 30. Rxe4 dxe4 31. Qxb4 a5 32. Qa3 f6 33. Bxf6 Rf8 34. Bg5 Rxf1+
35. Bxf1 Qc3+ 36. Kb1 Rd1+ 37. Bc1 Rxf1 38. Qf8+ 0-1

[Event "World Rapid 2025"]
[Site "Doha QAT"]
[Date "2025.12.28"]
[Round "12.73"]
[White "Dau Khuong Duy"]
[Black "Lodici, Lorenzo"]
[Result "0-1"]
[WhiteTitle "IM"]
[BlackTitle "GM"]
[WhiteElo "2489"]
[BlackElo "2590"]
[WhiteFideId "12424722"]
[BlackFideId "884189"]
[EventDate "2025.12.26"]

1. e4 c5 2. Nf3 a6 3. g3 b5 4. Bg2 Bb7 5. d3 g6 6. O-O Bg7 7. c3 d6 8. Re1 Nf6
9. Nbd2 e5 10. b4 cxb4 11. cxb4 Nc6 12. a3 O-O 13. Bb2 Nd7 14. Nb3 Nb6 15. Rc1
Rc8 16. Re2 Bh6 17. Rcc2 Qe7 18. Bc1 Bg7 19. Be3 Na4 20. Rc1 Nb8 21. Rec2 Rxc2
22. Rxc2 Rc8 23. Na5 Qd7 24. Nxb7 Qxb7 25. Bh3 Rc6 26. Qc1 Bf6 27. d4 Nb6 28. d5
Rxc2 29. Qxc2 Nc4 30. Bc1 Nd7 31. Bf1 Ndb6 32. Nd2 Qc8 33. h4 Bd8 34. Nxc4 Nxc4
35. Bxc4 bxc4 36. Qa4 Kf8 37. Qc6 Qxc6 38. dxc6 Ke7 39. a4 d5 40. exd5 Kd6 41.
b5 axb5 42. axb5 Kxd5 43. Be3 c3 44. Kf1 c2 45. Ke2 Kc4 46. Kd2 Kxb5 47. Kxc2
Kxc6 48. Kd3 Kd5 49. f3 f5 50. Bh6 Be7 51. Ke3 Bc5+ 52. Ke2 Be7 53. Ke3 Ke6 54.
Kf2 Kf7 55. Kg2 Bf8 56. Bd2 h5 57. g4 f4 58. gxh5 gxh5 59. Kf1 Ke6 60. Ke2 Kd5
61. Kd3 Be7 62. Be1 Bd8 63. Bf2 Ba5 64. Ke2 e4 65. Bg1 Bc7 66. Bf2 Bd8 67. Be1
e3 68. Kd3 Bf6 69. Ke2 Kc4 70. Ba5 Bxh4 71. Bb6 Bg5 0-1

[Event "World Rapid 2025"]
[Site "Doha QAT"]
[Date "2025.12.28"]
[Round "12.74"]
[White "Zhang, Zhong"]
[Black "Rakotomaharo, Fy Antenaina"]
[Result "1/2-1/2"]
[WhiteTitle "GM"]
[BlackTitle "IM"]
[WhiteElo "2561"]
[BlackElo "2434"]
[WhiteFideId "8600694"]
[BlackFideId "13100050"]
[EventDate "2025.12.26"]

1. e4 c5 2. Nf3 e6 3. c3 Nf6 4. e5 Nd5 5. d4 cxd4 6. cxd4 d6 7. Bc4 Be7 8. O-O
O-O 9. Qe2 b6 10. Rd1 Bb7 11. Bxd5 exd5 12. Nc3 Na6 13. Bf4 Nc7 14. exd6 Bxd6
15. Bxd6 Qxd6 16. Qe5 Qd7 17. Rac1 Rae8 18. Qg3 Re7 19. Re1 Rfe8 20. Rxe7 Rxe7
21. h3 f6 22. Qf4 Bc6 23. Nh2 Ne6 24. Qd2 Qd6 25. Ng4 Qf4 26. Qxf4 Nxf4 27. Ne3
Rd7 28. Rc2 Ne6 29. Rd2 a5 30. a3 Kf7 31. h4 g6 32. g3 Ke7 33. f4 Kd6 34. f5 Ng7
35. Rf2 Rf7 36. Kh2 g5 37. g4 Ne8 38. Kg3 Re7 39. Kf3 h6 40. Rh2 Nc7 41. hxg5
hxg5 42. Rh6 Rf7 43. Rh8 Nb5 44. Ne2 Kc7 45. Rh6 Kd7 46. Kf2 Ke7 47. Rh8 Rf8 48.
Rh6 Rf7 49. Ke1 Rf8 50. Rh7+ Rf7 51. Rh6 Rf8 52. Kd2 Rf7 53. Kd3 Rf8 54. Rh7+
Rf7 55. Rh1 Rf8 56. Rc1 Kd6 57. Ng3 Nc7 58. Rh1 Ke7 59. Rh7+ Rf7 60. Rh1 Rf8 61.
Kd2 Ne8 62. Ne2 Rf7 63. Nc3 Nc7 64. Rh6 Rf8 65. Kd3 Rf7 66. Kd2 Rf8 67. Ne2 Ne8
68. Rh1 Rf7 69. Ng1 Nd6 70. Nf3 Nc4+ 71. Kc3 Nxe3 72. Re1 Rh7 73. Rxe3+ Kd7 74.
Kd2 Re7 75. Ng1 Rxe3 76. Kxe3 1/2-1/2

[Event "World Rapid 2025"]
[Site "Doha QAT"]
[Date "2025.12.28"]
[Round "12.75"]
[White "Halkias, Stelios"]
[Black "Harikrishnan, A. Ra"]
[Result "1/2-1/2"]
[WhiteTitle "GM"]
[BlackTitle "GM"]
[WhiteElo "2503"]
[BlackElo "2531"]
[WhiteFideId "4201809"]
[BlackFideId "5081483"]
[EventDate "2025.12.26"]

1. Nf3 d5 2. d4 c6 3. c4 Nf6 4. Nc3 dxc4 5. a4 Bf5 6. Ne5 Nbd7 7. Nxc4 Qc7 8. g3
e5 9. dxe5 Nxe5 10. Bf4 Nfd7 11. Qc1 f6 12. Bg2 g5 13. Bxe5 Nxe5 14. Ne3 Be6 15.
O-O h5 16. a5 a6 17. Ne4 Be7 18. Nc5 Bxc5 19. Qxc5 Qe7 20. Qc3 h4 21. f4 gxf4
22. gxf4 h3 23. Be4 Nd7 24. Bg6+ Kd8 25. Rf3 Kc7 26. Rg3 Rag8 27. Qa3 c5 28. Rd1
f5 29. Qd3 Nf6 30. Nxf5 Bxf5 31. Bxf5 Rd8 32. Qc2 Nh5 33. Rxd8 Rxd8 34. Rf3 Qg7+
35. Bg6 Nf6 36. f5 Ng4 37. Qxc5+ Kb8 38. Rd3 Rxd3 39. exd3 Qxb2 40. Qd6+ Ka8 41.
Qf8+ Ka7 42. Qc5+ Ka8 43. Qc8+ Ka7 44. Qc5+ Kb8 45. Qd6+ Ka7 46. Qc5+ Kb8 47.
Qd6+ Ka8 48. Qf8+ 1/2-1/2

[Event "World Rapid 2025"]
[Site "Doha QAT"]
[Date "2025.12.28"]
[Round "12.76"]
[White "Krallis, Christos"]
[Black "Materia, Marco"]
[Result "1/2-1/2"]
[WhiteTitle "IM"]
[BlackTitle "IM"]
[WhiteElo "2416"]
[BlackElo "2497"]
[WhiteFideId "4298896"]
[BlackFideId "45150451"]
[EventDate "2025.12.26"]

1. e4 c5 2. Nf3 e6 3. d4 cxd4 4. Nxd4 Nc6 5. Nc3 Qc7 6. Be3 a6 7. Qf3 h5 8.
O-O-O b5 9. Nxc6 Qxc6 10. Bd3 Bb7 11. Rhe1 Nf6 12. Bd4 Be7 13. Kb1 Qc7 14. h3 h4
15. Qe3 Bc6 16. Nd5 Nxd5 17. exd5 Bxd5 18. Bxg7 Rg8 19. Be5 d6 20. Bd4 Kd7 21.
f4 Rg3 22. Qe2 Rxg2 23. Qh5 Kc6 24. Qxf7 Rf8 25. Qh5 Rxf4 26. Be3 Rf8 27. a4 Kb7
28. axb5 axb5 29. Bd2 Ra8 30. Rxe6 Ba2+ 31. Kc1 Bxe6 32. Qxb5+ Qb6 33. Be4+ d5
34. Qxb6+ Kxb6 35. Be3+ Bc5 36. Bxc5+ Kxc5 37. Bxg2 Rg8 38. Rd2 d4 39. Re2 Kd6
40. Rd2 Kc5 41. Re2 Bc8 42. Kd2 Rg3 43. Ke1 Bxh3 44. Bxh3 Rxh3 45. Kf1 Rh1+ 46.
Kg2 Rb1 47. b3 Rb2 48. Rd2 d3 49. Rxd3 Rxc2+ 50. Kh3 Kb4 1/2-1/2

[Event "World Rapid 2025"]
[Site "Doha QAT"]
[Date "2025.12.28"]
[Round "12.97"]
[White "Mamedov, Edgar"]
[Black "Drygalov, Sergey"]
[Result "1-0"]
[WhiteTitle "GM"]
[BlackTitle "GM"]
[WhiteElo "2492"]
[BlackElo "2571"]
[WhiteFideId "13739980"]
[BlackFideId "24171743"]
[EventDate "2025.12.26"]

1. d4 Nf6 2. c4 e6 3. Nc3 Bb4 4. e3 O-O 5. a3 Bxc3+ 6. bxc3 c5 7. Bd3 Nc6 8. Ne2
b6 9. e4 Ne8 10. O-O Ba6 11. Ng3 Na5 12. Re1 Bxc4 13. Bc2 cxd4 14. cxd4 d6 15.
Nh5 e5 16. d5 Kh8 17. a4 g6 18. Bh6 Rg8 19. Ng3 Rc8 20. Ra3 Ba6 21. Nf1 Bxf1 22.
Rxf1 g5 23. h4 gxh4 24. f4 Qc7 25. Rf2 Rg3 26. Raf3 Nc4 27. Qd3 Rg6 28. Bg5 f6
29. Bxh4 exf4 30. Rxf4 Ne5 31. Qh3 Qd7 32. Qxd7 Nxd7 33. e5 dxe5 34. Bxg6 exf4
35. Bf5 Rc1+ 36. Kh2 Ne5 37. Rxf4 Kg7 38. Rf2 Rc4 39. g3 Nd6 40. Be6 Ne4 41. Rf4
Rd4 42. Kh3 Rd1 43. Rxe4 Kg6 44. Rf4 1-0

[Event "World Rapid 2025"]
[Site "Doha QAT"]
[Date "2025.12.28"]
[Round "12.98"]
[White "Bharath, Subramaniyam H"]
[Black "Gharibyan, Mamikon"]
[Result "1-0"]
[WhiteTitle "GM"]
[BlackTitle "GM"]
[WhiteElo "2576"]
[BlackElo "2491"]
[WhiteFideId "46634827"]
[BlackFideId "13308300"]
[EventDate "2025.12.26"]

1. b3 Nf6 2. Bb2 g6 3. Nf3 Bg7 4. g3 b6 5. Bg2 Bb7 6. O-O O-O 7. c4 c5 8. d4 d5
9. dxc5 dxc4 10. Qxd8 Rxd8 11. cxb6 axb6 12. bxc4 Ra4 13. Rc1 Nc6 14. Nbd2 Ba6
15. Rab1 Rxa2 16. Bxf6 Bxf6 17. Rxb6 Nd4 18. Bf1 Bc8 19. c5 Bf5 20. c6 Rc8 21.
e3 Nxf3+ 22. Nxf3 Kg7 23. Nd4 Be4 24. Bh3 Bxd4 25. exd4 Rc7 26. Bg2 Bxg2 27.
Kxg2 e6 28. Rb7 Rc8 29. c7 Raa8 30. Rc6 Kf6 31. d5 Ke7 32. d6+ Kd7 33. Rcb6 1-0

[Event "World Rapid 2025"]
[Site "Doha QAT"]
[Date "2025.12.28"]
[Round "12.99"]
[White "Harshavardhan, G B"]
[Black "Naiditsch, Arkadij"]
[Result "1-0"]
[WhiteTitle "IM"]
[BlackTitle "GM"]
[WhiteElo "2477"]
[BlackElo "2574"]
[WhiteFideId "25059009"]
[BlackFideId "4650891"]
[EventDate "2025.12.26"]

1. d4 Nf6 2. c4 g6 3. Nc3 Bg7 4. e4 d6 5. h3 O-O 6. Be3 e5 7. d5 c6 8. Be2 Qa5
9. Qd2 Na6 10. Nf3 cxd5 11. cxd5 Bd7 12. O-O Rfc8 13. a3 Qd8 14. Bd3 Nc5 15. Bc2
a5 16. b4 axb4 17. axb4 Rxa1 18. Rxa1 Na6 19. b5 Nc5 20. Ne1 Ra8 21. Qc1 h5 22.
Ra3 Rc8 23. Qb2 Kh7 24. Nf3 Bh6 25. Ng5+ Bxg5 26. Bxg5 Kg7 27. b6 Qh8 28. Ra7 h4
29. Be3 Nh5 30. Bxc5 Rxc5 31. Rxb7 Nf4 32. Rxd7 Rxc3 33. Rc7 Rxh3 34. gxh3 Qh5
35. Qb3 Qg5+ 36. Kf1 Qg2+ 37. Ke1 Nxh3 38. b7 Ng5 39. b8=Q h3 40. Rc8 Qg1+ 41.
Ke2 Qg4+ 42. Kd2 1-0

[Event "World Rapid 2025"]
[Site "Doha QAT"]
[Date "2025.12.28"]
[Round "12.100"]
[White "Morris, James"]
[Black "Volokitin, Andrei"]
[Result "1-0"]
[WhiteTitle "IM"]
[BlackTitle "GM"]
[WhiteElo "2422"]
[BlackElo "2619"]
[WhiteFideId "3205800"]
[BlackFideId "14107090"]
[EventDate "2025.12.26"]

1. e4 c5 2. Nf3 d6 3. Bb5+ Nd7 4. Ba4 Nf6 5. O-O e6 6. Re1 Be7 7. c3 a6 8. d4 b5
9. Bc2 Bb7 10. Nbd2 Qc7 11. Nf1 Rc8 12. Bd3 cxd4 13. cxd4 d5 14. e5 Ne4 15. Ng3
O-O 16. h4 f5 17. Nh5 Qb6 18. Nf4 b4 19. Be3 a5 20. Qb3 Ba6 21. Nxd5 exd5 22.
Qxd5+ Kh8 23. Bxa6 Qxa6 24. Qxd7 Rce8 25. Rac1 b3 26. a3 Bd8 27. Qc6 Qa7 28. d5
Qf7 29. d6 Re6 30. Bf4 Qh5 31. Ng5 Bxg5 32. hxg5 Nxg5 33. Bxg5 Qxg5 34. Qc8 Ree8
35. d7 Rd8 36. e6 f4 37. e7 1-0

[Event "World Rapid 2025"]
[Site "Doha QAT"]
[Date "2025.12.28"]
[Round "12.101"]
[White "Aziz, Husain"]
[Black "Droin, Augustin"]
[Result "0-1"]
[WhiteTitle "IM"]
[BlackTitle "IM"]
[WhiteElo "2256"]
[BlackElo "2480"]
[WhiteFideId "12100293"]
[BlackFideId "45105987"]
[EventDate "2025.12.26"]

1. d4 d5 2. Nf3 c5 3. e3 Nc6 4. Be2 Bf5 5. O-O e6 6. a3 cxd4 7. Nxd4 Nxd4 8.
exd4 Bd6 9. Bb5+ Kf8 10. Bd3 Qh4 11. g3 Qh3 12. Re1 Bxd3 13. Qxd3 h5 14. Nd2 Ne7
15. Nf1 Rc8 16. Bd2 Qf5 17. Qxf5 Nxf5 18. c3 Be7 19. h4 Nd6 20. Bf4 Nc4 21. Re2
b5 22. Nh2 Rc6 23. Rae1 Bf6 24. Nf3 Ke7 25. Ra1 a5 26. Ne1 Nb6 27. Nd3 Na4 28.
Rae1 Kf8 29. Kg2 Be7 30. Ne5 Ra6 31. Bg5 Bd6 32. Nd3 Ke8 33. Bf4 Be7 34. Bd2 Nb6
35. Bc1 Ra7 36. Bg5 Bxg5 37. hxg5 g6 38. Nc5 Kd8 39. a4 bxa4 40. Ra1 Kc7 41.
Nxa4 h4 42. Nc5 hxg3 43. fxg3 Nc4 44. b4 Rha8 45. Rea2 Kb6 46. bxa5+ Rxa5 47.
Nd7+ Kb5 48. Rxa5+ Rxa5 49. Rxa5+ Kxa5 50. Kf3 Ka4 51. Ke2 Kb3 52. Kd3 Kb2 53.
Nf6 Nd6 54. g4 Nc4 55. Nd7 Kc1 56. Ne5 Nxe5+ 57. dxe5 Kd1 58. c4 dxc4+ 59. Kxc4
Ke2 60. Kc5 Kf3 61. Kd6 Kxg4 62. Ke7 Kxg5 0-1

[Event "World Rapid 2025"]
[Site "Doha QAT"]
[Date "2025.12.28"]
[Round "12.102"]
[White "Ponkratov, Pavel"]
[Black "Averin, Nikolay"]
[Result "1/2-1/2"]
[WhiteTitle "GM"]
[BlackTitle "FM"]
[WhiteElo "2587"]
[BlackElo "2389"]
[WhiteFideId "4157800"]
[BlackFideId "24250473"]
[EventDate "2025.12.26"]

1. Nf3 d5 2. g3 c6 3. Bg2 Bf5 4. d3 h6 5. O-O Nf6 6. c4 dxc4 7. Ne5 Be6 8. Nxc4
Bxc4 9. dxc4 Qxd1 10. Rxd1 Nbd7 11. b4 e6 12. b5 Rc8 13. bxc6 bxc6 14. Nc3 Nb6
15. Be3 Nxc4 16. Bxa7 Ba3 17. Rd4 Ne5 18. Rb1 O-O 19. Ra4 Bd6 20. h3 Ra8 21. Rd1
Nd5 22. Bxd5 cxd5 23. e4 Nc4 24. Rb1 Nd2 25. Rd1 Nc4 26. Rb1 Nd2 27. Rd1 1/2-1/2

[Event "World Rapid 2025"]
[Site "Doha QAT"]
[Date "2025.12.28"]
[Round "12.103"]
[White "Fandi, Mazen"]
[Black "Murshed, Niaz"]
[Result "1-0"]
[WhiteTitle "FM"]
[BlackTitle "GM"]
[WhiteElo "2304"]
[BlackElo "2341"]
[WhiteFideId "7611625"]
[BlackFideId "10200010"]
[EventDate "2025.12.26"]

1. e4 e6 2. d4 d5 3. Nc3 Bb4 4. e5 c5 5. Bd2 Ne7 6. a3 Bxc3 7. Bxc3 Nbc6 8. Nf3
b6 9. b4 c4 10. Be2 b5 11. O-O Bd7 12. Qd2 O-O 13. Rfb1 Kh8 14. a4 a6 15. axb5
axb5 16. Qf4 Ng6 17. Qg3 h6 18. Bd2 Qb6 19. c3 Ra4 20. Bd1 Rxa1 21. Rxa1 Qb7 22.
Bc2 Nce7 23. Qh3 Ra8 24. Rc1 Kg8 25. Bxh6 gxh6 26. Qxh6 Nf5 27. Qg5 Qb8 28. g4
Ng7 29. Qh6 Ra2 30. Bxg6 fxg6 31. Ng5 Qa7 32. Qh7+ Kf8 33. Qh8+ Ke7 34. Qxg7+
Kd8 35. Qf8+ Kc7 36. Qd6+ Kc8 37. Nxe6 1-0

[Event "World Rapid 2025"]
[Site "Doha QAT"]
[Date "2025.12.28"]
[Round "12.104"]
[White "Samadov, Read"]
[Black "Ohanyan, Emin"]
[Result "1-0"]
[WhiteTitle "IM"]
[BlackTitle "GM"]
[WhiteElo "2510"]
[BlackElo "2493"]
[WhiteFideId "13417444"]
[BlackFideId "13312022"]
[EventDate "2025.12.26"]

1. d4 d5 2. Nf3 Nf6 3. c4 c6 4. g3 g6 5. Bg2 Bg7 6. O-O O-O 7. a4 Bf5 8. a5 Na6
9. Nc3 dxc4 10. Qa4 Be6 11. Rd1 Nd5 12. Ng5 Bd7 13. Qxc4 h6 14. Nf3 Ndb4 15. e4
Nc2 16. Ra4 Be6 17. d5 cxd5 18. exd5 Bd7 19. d6 e6 20. Qb3 Bxa4 21. Qxa4 Ncb4
22. Qb5 Rb8 23. Ne5 Nd5 24. Nxd5 exd5 25. Nd7 Qe8 26. Bf1 Rd8 27. Nxf8 Qxb5 28.
Bxb5 Bxf8 29. d7 Nc7 30. Ba4 Bb4 31. Bxh6 f6 32. Bd2 Bd6 33. Be3 Bb4 34. Rc1 Ne6
35. Bxa7 Bxa5 36. Rc8 Kf7 37. b4 Bc7 38. Kf1 Ke7 39. Ke2 b6 40. Rxc7 Nxc7 41.
Bxb6 Kd6 42. Bc5+ Ke6 43. b5 Rb8 44. Kd3 d4 45. Kxd4 Ra8 46. Ba7 Kxd7 47. b6+
Kd6 48. b7 Rxa7 49. b8=Q Rxa4+ 50. Ke3 Ra8 51. Qb6+ Kd7 52. Kf3 Ra3+ 53. Kg2 Ra6
54. Qe3 f5 55. h4 Re6 56. Qc5 Ne8 57. h5 gxh5 58. Qxf5 Nf6 59. Qg6 Ke7 60. Qg7+
Kd6 61. Qf7 Ke5 62. f4+ Kf5 63. Qg7 Re8 64. Qg5+ Ke6 65. f5+ Ke5 66. Qf4+ Kd5
67. Qc7 Ke4 68. Qf4+ Kd5 69. Kf3 Re4 70. Qg5 Ke5 71. Qxf6+ Kxf6 72. Kxe4 Kg5 1-0

[Event "World Rapid 2025"]
[Site "Doha QAT"]
[Date "2025.12.28"]
[Round "12.105"]
[White "Tsaruk, Maksim"]
[Black "Suleimen, Ergali"]
[Result "0-1"]
[WhiteTitle "GM"]
[BlackTitle "IM"]
[WhiteElo "2515"]
[BlackElo "2419"]
[WhiteFideId "13511173"]
[BlackFideId "13724452"]
[EventDate "2025.12.26"]

1. e4 c5 2. Nf3 d6 3. d4 cxd4 4. Nxd4 Nf6 5. Nc3 a6 6. g3 e6 7. Bg2 Be7 8. O-O
O-O 9. a4 Nc6 10. Be3 Rb8 11. Qe2 Qc7 12. Rfd1 Na5 13. g4 h6 14. Rd3 Nh7 15. b3
Nc6 16. Nxc6 bxc6 17. f4 a5 18. Rd2 Bf6 19. e5 dxe5 20. Ne4 exf4 21. Nxf6+ Nxf6
22. Bd4 Nxg4 23. Bxg7 Kxg7 24. Qxg4+ Kh7 25. Be4+ f5 26. Rg2 Qf7 27. Bd3 e5 28.
Re1 Re8 29. Qh4 f3 30. Rg3 Rb4 31. Bc4 Be6 32. c3 Bxc4 33. cxb4 Qa7+ 34. Kh1 f2
35. Rd1 Bd5+ 36. Rg2 Rg8 0-1

[Event "World Rapid 2025"]
[Site "Doha QAT"]
[Date "2025.12.28"]
[Round "12.106"]
[White "Raja, Rithvik R"]
[Black "Tran, Thanh Tu"]
[Result "1-0"]
[WhiteTitle "GM"]
[BlackTitle "IM"]
[WhiteElo "2541"]
[BlackElo "2402"]
[WhiteFideId "35007394"]
[BlackFideId "12401404"]
[EventDate "2025.12.26"]

1. Nf3 Nf6 2. g3 b5 3. Bg2 Bb7 4. O-O e6 5. b3 Be7 6. c4 bxc4 7. bxc4 c5 8. Nc3
O-O 9. Rb1 Bc6 10. d3 d6 11. e4 Nbd7 12. Bf4 Nh5 13. Be3 Nhf6 14. h3 Qa5 15. Qd2
Qa6 16. Nh2 Rab8 17. f4 Rxb1 18. Rxb1 Rb8 19. Rxb8+ Nxb8 20. g4 Bd8 21. g5 Nfd7
22. Qc2 Ba5 23. Bd2 Bb4 24. Ng4 Nb6 25. h4 Ba4 26. Qb2 Nc6 27. a3 Ba5 28. Be3
Bxc3 29. Qxc3 Qa5 30. Qxa5 Nxa5 31. e5 d5 32. cxd5 Nxd5 33. Bxd5 exd5 34. Bxc5
Bc2 35. Ne3 Bxd3 36. Nxd5 a6 37. Ne7+ Kh8 38. f5 Nc4 39. e6 fxe6 40. fxe6 Ne5
41. Nd5 Kg8 42. Nc7 Bb5 43. Nxb5 axb5 44. Kg2 Nd3 45. Bd6 g6 46. Kf3 Ne1+ 47.
Ke4 Ng2 48. Kd5 Nxh4 49. Kc6 Nf5 50. Kd7 Ng7 51. Be5 1-0

[Event "World Rapid 2025"]
[Site "Doha QAT"]
[Date "2025.12.28"]
[Round "12.107"]
[White "George Samir, David"]
[Black "Davtyan, Artur"]
[Result "0-1"]
[WhiteTitle "IM"]
[BlackTitle "IM"]
[WhiteElo "2343"]
[BlackElo "2474"]
[WhiteFideId "10657789"]
[BlackFideId "13308327"]
[EventDate "2025.12.26"]

1. e4 c6 2. d4 d5 3. e5 Bf5 4. g4 Bd7 5. Nc3 h5 6. gxh5 Bf5 7. h3 e6 8. Nge2
Rxh5 9. Ng3 Rh4 10. Be3 Bg6 11. Qd2 Be7 12. O-O-O a5 13. f4 Nh6 14. Bd3 Bxd3 15.
Qxd3 g6 16. Rdg1 Na6 17. f5 Nxf5 18. Nxf5 exf5 19. e6 Qd6 20. exf7+ Kxf7 21. Bf2
Qf4+ 22. Be3 Qd6 23. Bf2 Rh5 24. Bg3 Bg5+ 25. Kb1 Bf4 26. Ne2 Bxg3 27. Nxg3 Rh4
28. Nxf5 gxf5 29. Qxf5+ Qf6 30. Qd7+ Kf8 31. Rf1 Rf4 32. Rxf4 Qxf4 33. Rg1 Nc7
34. Qh7 Qf7 35. Qh6+ Ke8 36. Qd6 Qf2 37. Qe5+ Kf8 38. Qh8+ Ke7 39. Qg7+ Qf7 40.
Qg5+ Kd7 41. h4 Ne6 42. Qg4 Rf8 43. a3 Qf4 44. Qh5 Qxd4 45. Qh7+ Kd6 46. Re1 Qd2
47. Rc1 b5 48. h5 a4 49. h6 Rf6 50. Rh1 Qg2 51. Re1 Qg3 52. Rh1 Qg2 53. Re1 Qg6
54. Qh8 Qxh6 55. Qb8+ Kd7 56. Rg1 Qf8 57. Qb7+ Nc7 58. Ka2 Rf7 59. Qb6 Qd6 60.
Rg8 Rf8 61. Rg7+ Kc8 62. Rh7 d4 63. Rh5 d3 64. cxd3 Qe6+ 0-1

[Event "World Rapid 2025"]
[Site "Doha QAT"]
[Date "2025.12.28"]
[Round "12.108"]
[White "Shogdzhiev, Roman"]
[Black "Ashwath Kaushik"]
[Result "1-0"]
[WhiteTitle "IM"]
[BlackTitle "FM"]
[WhiteElo "2403"]
[BlackElo "2345"]
[WhiteFideId "55653537"]
[BlackFideId "33387230"]
[EventDate "2025.12.26"]

1. e4 e6 2. d4 d5 3. Nc3 Nf6 4. e5 Nfd7 5. f4 c5 6. Nf3 Nc6 7. Be3 cxd4 8. Nxd4
Qb6 9. Qd2 Qxb2 10. Rb1 Qa3 11. Bb5 Nxd4 12. Bxd4 a6 13. Bxd7+ Bxd7 14. Rb3 Qe7
15. Rxb7 Qd8 16. O-O Qc8 17. Rb3 Bc5 18. Rf2 O-O 19. f5 Bxd4 20. Qxd4 Qc4 21.
Qd2 exf5 22. Nxd5 Qh4 23. Rh3 Qc4 24. Nf6+ gxf6 25. Qh6 Rfb8 26. Qxh7+ Kf8 27.
Qh8+ Ke7 28. Qxf6+ 1-0

[Event "World Rapid 2025"]
[Site "Doha QAT"]
[Date "2025.12.28"]
[Round "12.77"]
[White "Tissir, Mohamed"]
[Black "Altini, Nicola"]
[Result "1/2-1/2"]
[WhiteTitle "IM"]
[BlackTitle "IM"]
[WhiteElo "2293"]
[BlackElo "2360"]
[WhiteFideId "9000240"]
[BlackFideId "833924"]
[EventDate "2025.12.26"]

1. e4 c5 2. Nc3 Nc6 3. Bb5 Nd4 4. Bc4 e6 5. Nge2 Nf6 6. O-O a6 7. a4 d5 8. exd5
exd5 9. Ba2 Ne6 10. d3 Bd6 11. Ng3 Bxg3 12. fxg3 d4 13. Ne2 O-O 14. Nf4 Nxf4 15.
Bxf4 Nd5 16. Qh5 Be6 17. Bxd5 Qxd5 18. Qxd5 Bxd5 19. b3 a5 20. Rfe1 Be6 21. Re5
b6 22. h3 Rac8 23. g4 h6 24. g5 hxg5 25. Bxg5 Rc6 26. Bf4 f6 27. Re2 Kf7 28. Kf2
g5 29. Bd2 Rg8 30. Rh1 Rg6 31. Ree1 Bd5 32. Re2 f5 33. Re5 Be6 34. h4 Kf6 35.
Ree1 gxh4 36. Rxh4 Bd5 37. g3 Re6 38. Rxe6+ Kxe6 39. Rh7 Bc6 40. Rc7 Kd5 41. Bf4
b5 42. axb5 1/2-1/2

[Event "World Rapid 2025"]
[Site "Doha QAT"]
[Date "2025.12.28"]
[Round "12.78"]
[White "Grafl, Florian"]
[Black "Medhus, Vitus Bondo"]
[Result "1-0"]
[WhiteTitle "IM"]
[BlackTitle "FM"]
[WhiteElo "2343"]
[BlackElo "2387"]
[WhiteFideId "4645715"]
[BlackFideId "1462547"]
[EventDate "2025.12.26"]

1. e4 c5 2. Nc3 g6 3. d4 cxd4 4. Qxd4 Nf6 5. Be3 Nc6 6. Qd2 Qa5 7. O-O-O Bg7 8.
f3 d6 9. Kb1 O-O 10. Bh6 Be6 11. Bxg7 Kxg7 12. Nge2 Rfc8 13. Nc1 a6 14. Nb3 Qc7
15. g4 b5 16. g5 Nd7 17. h4 Nce5 18. f4 Nc4 19. Bxc4 Bxc4 20. h5 Nf8 21. f5 Bxb3
22. axb3 Qc5 23. Nd5 a5 24. hxg6 fxg6 25. Nxe7 Rc7 26. Nd5 Rca7 27. Qh2 b4 28.
Qh6+ Kh8 29. fxg6 a4 30. gxh7 axb3 31. Qf6+ Rg7 32. Qxg7+ Kxg7 33. h8=Q+ Kf7 34.
Qf6+ 1-0

[Event "World Rapid 2025"]
[Site "Doha QAT"]
[Date "2025.12.28"]
[Round "12.79"]
[White "Nainys, Zanas"]
[Black "Smirnov, Mark"]
[Result "0-1"]
[BlackTitle "FM"]
[WhiteElo "2307"]
[BlackElo "2420"]
[WhiteFideId "12844098"]
[BlackFideId "13764594"]
[EventDate "2025.12.26"]

1. d4 d5 2. c4 e6 3. Nc3 c6 4. Nf3 Nf6 5. Qc2 Nbd7 6. e4 Nxe4 7. Nxe4 dxe4 8.
Qxe4 Bb4+ 9. Bd2 Bxd2+ 10. Nxd2 c5 11. dxc5 Qa5 12. a3 Qxc5 13. O-O-O Nf6 14.
Qh4 Bd7 15. Be2 Ba4 16. Rde1 O-O-O 17. Nf3 Qf5 0-1